Progress of education in free India : containing contributions from various experienced and outstanding educationalists of India on various aspects of education and its progress since independence /

Saved in:
Bibliographic Details
Other Authors: Sen, N. B.
Format: Book
Language:English
Published: New Delhi : New Book Society of India, 1967.
Subjects:
LEADER 01005nam a2200241 a 4500
001 c000017376
003 CARM
005 00000000000000.0
008 s1967 ii b 00000 eng d
019 1 |a 7303940  |5 LACONCORD2021 
035 |a (OCoLC)220896586  |5 LACONCORD2021 
040 |a VU  |c VU 
043 |a a-ii--- 
245 0 0 |a Progress of education in free India :  |b containing contributions from various experienced and outstanding educationalists of India on various aspects of education and its progress since independence /  |c edited by N.B. Sen. 
260 |a New Delhi :  |b New Book Society of India,  |c 1967. 
300 |a 300 p. 
504 |a Includes bibliographical references. 
650 0 |a Education  |z India. 
700 1 |a Sen, N. B. 
852 8 |b CARM  |h A2:AH29A0  |i B03731  |p 0179055  |f BK 
082 0 4 |a 370/.954  |2 20 
999 f f |i c21e59a8-f740-5a47-8bbd-b2a5b7f5997e  |s 7b046c8e-976b-554f-88d6-1ca705b0798d 
952 f f |p Can circulate  |a CAVAL  |b CAVAL  |c CAVAL  |d CARM 1 Store  |e B03731  |f A2:AH29A0  |h Other scheme  |i book  |m 0179055